Rukoväť manažéra
Gespeichert in:
| 1. Verfasser: | |
|---|---|
| Format: | Buch |
| Sprache: | Slowakisch |
| Veröffentlicht: |
Nitra
Agroinštitút
1993
|
| Ausgabe: | 1. vyd. |
| Schriftenreihe: | Manažérske čítanky
Č.17 |
| Schlagworte: | |
| Tags: |
Keine Tags, Fügen Sie das erste Tag hinzu!
|
MARC
| LEADER | 00000nam a2200000 4500 | ||
|---|---|---|---|
| 001 | c005168 | ||
| 005 | 20230109132207.6 | ||
| 020 | |a 80-7139-024-0 | ||
| 041 | 0 | |a slo | |
| 044 | |a SK | ||
| 245 | 1 | 0 | |a Rukoväť manažéra |c Alfréd Jassinger |
| 250 | |a 1. vyd. | ||
| 264 | 1 | |a Nitra |b Agroinštitút |c 1993 | |
| 300 | |a 103 s. | ||
| 490 | 1 | |a Manažérske čítanky |v Č.17 | |
| 830 | 0 | |a Manažérske čítanky |v Č.17 | |
| 610 | 2 | 0 | |a manažment |
| 610 | 2 | 0 | |a manažéri |
| 610 | 2 | 0 | |a riadenie |
| 610 | 2 | 0 | |a podnik |
| 610 | 2 | 0 | |a podnikanie |
| 610 | 2 | 0 | |a financie podnikové |
| 610 | 2 | 0 | |a marketing |
| 100 | 1 | |a Jassinger, Alfréd | |